Datum a čas kvízu
35
Celkem bodů
Celkový počet nahraných bodů na tomto kvízu bez doplňovacích otázek.
2.
Pořadí na kvízu
Konečné umístění týmu na tomto kvízu.
Zaznamenané odpovědi
| # | Otázka | Odpověď | Body | Výsledky |
|---|---|---|---|---|
| 1. | Opavským strážníkům se na auto... | o holuba | 1 | |
| 2. | Prezident jednoho z afrických... | Namibie | 0 | |
| 3. | Během akce proti extremismu s... | Horkýže Slíže | 1 | |
| 4. | Jak se jmenuje meteorický roj,... | Perseidy | 1 | |
| 5. | Brankář pražské Sparty přispěl... | Matěj Machovský | 0 | |
| 6. | Nedávno jsme se zabývali různý... | Hadrián | 1 | |
| 7. | Dne 24. července roku 1177 uza... | Fridrich I. Barbarossa (Rudovous) | 1 | |
| 8. | Dalším špičatým letopočtem v n... | Vladislav Jagellonský | 1 | |
| 9. | Dostáváme se do novověku, konk... | (von) Laudon | 1 | |
| 10. | Rok 1714 se stal jedním z důle... | Gabriel Fahrenheit | 1 |